000 00846cam a2200277 i 4500
999 _c3035
_d3035
001 3653016
003 GBCCL
005 20241126110445.0
008 760817s1976 ilu b 000 0 eng
010 _a 76040220
020 _a0802449123 :
_c$4.95
040 _aDLC
_cDLC
_dDLC
050 0 0 _aBV4501.2
_b.H32
082 0 0 _a241.68
_220
_bHAN
100 1 _aHancock, Maxine.
_96300
245 1 0 _aLiving on less and liking it more /
_cby Maxine Hancock.
260 _aChicago :
_bMoody Press,
_cc1976.
300 _a158 p. ;
_c22 cm.
504 _aIncludes bibliographical references.
650 0 _aChristian life.
_9183
650 0 _aMaterialism
_xReligious aspects
_xChristianity.
_96301
650 0 _aValues.
_92658
650 0 _aCost and standard of living.
_96302
906 _a7
_bcbc
_corignew
_d1
_eocip
_f19
_gy-gencatlg
942 _2ddc
_cBK
_01